000 00770nam a2200217Ia 4500
999 _c31450
_d31450
003 GCL
005 20240530102326.0
008 140319s9999 xx 000 0 ara d
040 _aGCL /
_cGCL
082 0 4 _a414/
_bج ن
100 1 _aالجرجانى ، عبدالقاهر بن عبدالرحمن النحوى
245 1 0 _aنظرية عبد القاهر الجرجانى فى اسرار البلاغة /
_cعبدالقاهر بن عبدالرحمن النحوى الجرجانى
260 _a[S.N] :
_bمكتبة المتنبى ،
_c1979
300 _a485
650 0 4 _aاللغة العربية
650 0 4 _aالبلاغة العربية
650 0 4 _aالبديع
650 0 4 _aالبيان
700 1 _aريتر، هـ (تحقيق)
942 _2ddc
_cBK